000 00304 a2200157 4500
001 190794
020 _a978-85-356-4364-0
040 _cMagnum
100 _aNeves, André
240 1 0 _aLino
_lpor
245 1 0 _aLino
300 _a33
362 0 _a2018
697 _aLITERATURA INFANTO
942 _cBK
999 _c190794
_d190794